000 00586nam a2200205 a 4500
005 20140310183452.0
008 090211s19uu xx 00 eng d
020 _a9712345106
050 _aHF 5549
_b.M451 2006
100 _aMaximiano, Jose Mario B.
245 _aManaging human resources :
_bin the 21st century /
_cJose Mario B. Maximiano
260 _aManila, Philippines :
_bRex Bookstore,
_c2006.
300 _a415 p. :
_bill.;
_c22 cm.
521 _aBSBA
546 _aC10137
546 _aC10127
650 _aBSBA.
650 _aHuman resources.
942 _cBK
_2lcc
_kLOC
999 _c23438
_d23438